Perkhidmatan awam Malaysia bertaraf dunia . Selected speeches of Tan Sri Dato' Seri Ahmad Sarji Bin Abdul Hamid, Chief Secretary to the Government, Malaysia

Bibliographic Details
Main Author: AHMAD Sarji bin Abdul Hamid 1938-
Corporate Author: Institut Tadbiran Awam Negara (INTAN)
Format: Book
Published: Kuala Lumpur : Institut Tadbiran Awam Negara (INTAN) , 1996
Subjects:

MARC

LEADER 00000cam a2200000 7i4500
001 0000000482
005 20000823.0
020 0 0 |a 9679933520 
090 0 0 |a 354.595006   |b AHM 1996 
100 0 0 |a AHMAD Sarji bin Abdul Hamid   |f Tan Sri Dato' Seri   |c 1938- 
245 1 0 |a Perkhidmatan awam Malaysia bertaraf dunia .   |l Towards a world class Malaysian civil service :   |b Selected speeches of Tan Sri Dato' Seri Ahmad Sarji Bin Abdul Hamid, Chief Secretary to the Government, Malaysia 
260 0 0 |a Kuala Lumpur :   |b Institut Tadbiran Awam Negara (INTAN) ,   |c 1996 
300 |a xix, 378 p. :   |b 22 cm. 
500 0 0 |a Bahasa Malaysia and English texts 
650 0 0 |a Civil service   |z Malaysia 
650 0 0 |a Corporations   |z Malaysia 
650 0 0 |a Information technology   |z Malaysia 
650 0 0 |a Leadership 
650 0 0 |a Public administration   |z Malaysia 
650 0 0 |a Quality assurance   |z Malaysia 
650 0 0 |a Speeches, addresses, etc. 
710 1 1 |a Institut Tadbiran Awam Negara (INTAN) 
745 0 0 |a Towards a world class Malaysian civil service 
999 |a 0000000752   |b Monograph   |c Open Shelf   |e Default branch 
999 |a 0000001642   |b Monograph   |c Open Shelf   |e Default branch 
999 |a 0000002314   |b Monograph   |c Open Shelf   |e Default branch